MARC details
| 000 -CABECERA |
| campo de control de longitud fija |
00950nam a2200229 a 4500 |
| 005 - FECHA Y HORA DE LA ÚLTIMA TRANSACCIÓN |
| campo de control |
20221206063558.0 |
| 008 - ELEMENTOS DE LONGITUD FIJA--INFORMACIÓN GENERAL |
| campo de control de longitud fija |
040203s1994 es r 000 0 spa d |
| 020 ## - NÚMERO INTERNACIONAL NORMALIZADO PARA LIBROS |
| Número Internacional Estándar del Libro |
8427710860 |
| 035 ## - NÚMERO DE CONTROL DEL SISTEMA |
| Número de control de sistema |
UPN01000131685 |
| 049 ## - COLECCIÓN |
| Colección |
CE |
| 050 #4 - SIGNATURA TOPOGRÁFICA DE LA BIBLIOTECA DEL CONGRESO |
| Número de clasificación |
LB1633 E5 |
| Número de documento/Ítem |
V4.4 |
| 245 00 - MENCIÓN DE TÍTULO |
| Título |
20 autores del siglo XX : |
| Resto del título |
interpretación y comentario de textos literarios / |
| Mención de responsabilidad, etc. |
Julio Ariza ... [et al.]. |
| 260 ## - PUBLICACIÓN, DISTRIBUCIÓN, ETC. |
| Lugar de publicación, distribución, etc. |
Madrid : |
| Nombre del editor, distribuidor, etc. |
Ministerio de Educación y Ciencia : |
| -- |
Narcea, |
| Fecha de publicación, distribución, etc. |
1994. |
| 300 ## - DESCRIPCIÓN FÍSICA |
| Extensión |
4 fascs. en estuche : |
| Otras características físicas |
il. |
| 440 #0 - MENCIÓN DE SERIE/ASIENTO SECUNDARIO--TÍTULO |
| Título |
Materiales 12-16 para Educación Secundaria. |
| Nombre de parte o sección de la obra |
Lengua y literatura |
| 505 8# - NOTA DE CONTENIDO CON FORMATO PREESTABLECIDO |
| Nota de contenido con formato |
Contenido: |
| Información miscelánea |
1. |
| Título |
El comentario de textos -- |
| Información miscelánea |
2. |
| Título |
Teatro -- |
| Información miscelánea |
3. |
| Título |
Poesía -- |
| Información miscelánea |
4. |
| Título |
Narrativa |
| 650 #7 - ASIENTO SECUNDARIO DE MATERIA - TERMINO TEMATICO |
| Término de materia o nombre geográfico como elemento de entrada |
Español |
| Subdivisión general |
Estudio y enseñanza (Secundaria) |
| Subdivisión geográfica |
España |
| Fuente del encabezamiento o término |
|
| 9 (RLIN) |
11863 |
| 650 #4 - ASIENTO SECUNDARIO DE MATERIA - TERMINO TEMATICO |
| Término de materia o nombre geográfico como elemento de entrada |
Literatura |
| Subdivisión general |
Estudio y enseñanza (Secundaria) |
| 9 (RLIN) |
6686 |
| 650 #4 - ASIENTO SECUNDARIO DE MATERIA - TERMINO TEMATICO |
| Término de materia o nombre geográfico como elemento de entrada |
CRITICA LITERARIA - |
| Subdivisión general |
ESTUDIO Y ENSEÑANZA |
| 9 (RLIN) |
11629 |
| 700 1# - ASIENTO SECUNDARIO--NOMBRE DE PERSONAL |
| Nombre de persona |
Ariza, Julio, |
| Término indicativo de función/relación |
coaut. |
| 905 ## - TIPO DE MATERIAL |
| Tipo de material |
Libro |